| Tag |
First Indicator |
Second Indicator |
Subfields |
| LEADER |
00000cam a2200000Mi 4500 |
| 001 |
in00003560921 |
| 006 |
m o d |
| 007 |
cr mnu---uuaaa |
| 008 |
130125s2004 gw o 000 0 eng |
| 005 |
20260421175918.8 |
| 020 |
|
|
|a 9783662062975 (electronic bk.)
|
| 020 |
|
|
|a 3662062976 (electronic bk.)
|
| 020 |
|
|
|z 9783642057540
|
| 020 |
|
|
|z 3642057543
|
| 020 |
|
|
|z 3662062976
|
| 035 |
|
|
|a (OCoLC)851381923
|
| 040 |
|
|
|a AU@
|b eng
|e pn
|c AU@
|d OCLCQ
|d GW5XE
|d OCLCQ
|d OCLCF
|d UtOrBLW
|
| 049 |
|
|
|a TXAM
|
| 050 |
|
4 |
|a TL1-483
|
| 072 |
|
7 |
|a TRC
|2 bicssc
|
| 072 |
|
7 |
|a TRCS
|2 bicssc
|
| 072 |
|
7 |
|a TEC009090
|2 bisacsh
|
| 082 |
0 |
4 |
|a 629.2
|2 23
|
| 100 |
1 |
|
|a Oppenheim, Antoni K.
|
| 245 |
1 |
0 |
|a Combustion in Piston Engines :
|b Technology, Evolution, Diagnosis and Control /
|c by Antoni K. Oppenheim.
|
| 264 |
|
1 |
|a Berlin, Heidelberg :
|b Springer Berlin Heidelberg,
|c 2004.
|
| 300 |
|
|
|a 1 online resource (xi, 160 pages)
|
| 336 |
|
|
|a text
|b txt
|2 rdacontent
|
| 337 |
|
|
|a computer
|b c
|2 rdamedia
|
| 338 |
|
|
|a online resource
|b cr
|2 rdacarrier
|
| 505 |
0 |
|
|a Overview -- Perspective -- Prospective -- Diagnosis -- Procedure -- Prognosis -- Evolution of the Correlation Function -- Evolution of the Life Function.
|
| 520 |
|
|
|a Upon a synthesis of the technology of Combustion in Piston Engines, its past, present and future, the book provides a recipe for its advancement. Engines of the future are visualized as featuring distributed combustion (vid. photograph on the front cover) executed by means of PJI & I (Pulse Jet Injection and Ignition) actuators, modulated by MECC (Micro-Electronically Controlled Combustion) systems in response to signals provided by pressure sensors. To assist in the development of such engines, the book provides the method of pressure diagnostics - an analytical technique for interpreting the signal provided by a pressure sensor to assess the effectiveness with which fuel is utilized in an engine cylinder, and to monitor the operation of MECC in optimizing the performance of a PJI & I system. It is on this basis that a demonstration is produced of a representative car engine, for which, by the use of these systems, the formation of pollutants can be reduced by orders of magnitude, while the consumption of fuel is halved.
|
| 500 |
|
|
|a Electronic resource.
|
| 650 |
|
0 |
|a Engineering.
|
| 650 |
|
0 |
|a Physical organic chemistry.
|
| 650 |
|
7 |
|a Engineering.
|2 fast
|0 (OCoLC)fst00910312
|
| 650 |
|
7 |
|a Physical organic chemistry.
|2 fast
|0 (OCoLC)fst01715687
|
| 655 |
|
7 |
|a Electronic books.
|2 local
|
| 710 |
2 |
|
|a SpringerLink (Online service)
|
| 776 |
1 |
8 |
|i Print version:
|z 9783642057540
|
| 856 |
4 |
0 |
|u http://proxy.library.tamu.edu/login?url=https://link.springer.com/10.1007/978-3-662-06297-5
|z Connect to the full text of this electronic book
|t 0
|
| 994 |
|
|
|a 92
|b TXA
|
| 999 |
|
|
|a MARS
|
| 999 |
f |
f |
|s e3870c8a-1e52-33e3-a0ba-50ae4ced0e93
|i 73cb186a-bf52-3d55-8bed-f88cfc7300ab
|t 0
|
| 952 |
f |
f |
|a Texas A&M University
|b College Station
|c Electronic Resources
|s www_evans
|d Available Online
|t 0
|e TL1-483
|h Library of Congress classification
|
| 998 |
f |
f |
|a TL1-483
|t 0
|l Available Online
|